000 00758nam a2200241Ia 4500
003 OSt
005 20220923223920.0
006 a|||||r|||| 00| 0
007 ta
008 220922b |||||||| |||| 00| 0 hin d
024 _a223,289
037 _cTextual
040 _aARTS
_cARTS
_bhin
041 _2hin
_ahin
082 _aV2.D, 152P3
100 _aउपाध्याय, भगवतशरण
245 0 _aकालिदास का भारत
246 _aKālidās kā bhārata
260 _aनयी दिल्ली
_b भारतीय ज्ञानपीठ
_c2003
300 _a500पृ.
_ccm.
942 _hV2.D, 152P3
_cTEXL
_2CC
999 _c368206
_d368206